IDEAS FOR GREAT BABY ROOMS (Record no. 1162519)

MARC details
000 -LEADER
fixed length control field 00310nam a2200121Ia 4500
008 - FIXED-LENGTH DATA ELEMENTS--GENERAL INFORMATION
fixed length control field 240521s2000 xx 000 0 und d
020 ## - INTERNATIONAL STANDARD BOOK NUMBER
International Standard Book Number 0-376-01046-0
041 ## - LANGUAGE CODE
Language code of text/sound track or separate title eng
100 ## - MAIN ENTRY--PERSONAL NAME
Personal name CHRISTINE OLSON GEDYE
245 ## - TITLE STATEMENT
Title IDEAS FOR GREAT BABY ROOMS
260 ## - PUBLICATION, DISTRIBUTION, ETC.
Name of publisher, distributor, etc. SUNSET BOOKS, CALIFORNIA
Date of publication, distribution, etc. 2000
300 ## - PHYSICAL DESCRIPTION
Extent 598

No items available.